[Event "46. Toreno La Roda 2019"]
[Site "La Roda ESP"]
[Date "2019.04.19"]
[Round "4.19"]
[White "Aymerich Rosell, Pablo"]
[Black "Martinez Fernandez, Adrian"]
[Result "0-1"]
[WhiteElo "2173"]
[BlackElo "2318"]
[PlyCount "124"]
[EventDate "2019.04.17"]
[EventType "swiss"]
[EventRounds "9"]
[EventCountry "ESP"]
[SourceTitle "Ajedrez en Madrid"]
[Source "lmi"]
[SourceDate "2019.04.17"]
[SourceVersion "1"]
[SourceVersionDate "2019.04.22"]
[SourceQuality "1"]

1. e4 c5 2. Nf3 d6 3. Bb5+ Nd7 4. O-O a6 5. Bd3 Ngf6 6. c3 c4 7. Bc2 b5 8. Re1
Bb7 9. a4 e6 10. d4 cxd3 11. Bxd3 bxa4 12. Qxa4 Be7 13. e5 dxe5 14. Nxe5 O-O
15. Nc6 Bxc6 16. Qxc6 Ne5 17. Rxe5 Qxd3 18. Re1 Rfc8 19. Qa4 Nd5 20. Qd1 Qb5
21. Na3 Bxa3 22. Rxa3 Nb6 23. Rb3 Rd8 24. Rxb5 Rxd1 25. Rxd1 axb5 26. b3 f6 27.
Be3 Nd5 28. c4 bxc4 29. bxc4 Nc3 30. Re1 Rc8 31. c5 Kf7 32. Kf1 Nd5 33. Rc1 e5
34. Ke2 Ke6 35. Ra1 h5 36. Ra6+ Kf5 37. c6 Nb4 38. Ra7 g5 39. Rh7 Kg6 40. Rb7
Nxc6 41. g3 g4 42. Kf1 Na5 43. Ra7 Nc4 44. Ra2 Nd6 45. Kg2 Nf5 46. Re2 Rc3 47.
Bb6 Rb3 48. Ba7 h4 49. Re1 h3+ 50. Kf1 Nd6 51. Be3 Nc4 52. Bc1 Kf5 53. Bh6 Nd6
54. Be3 Ne4 55. Ra1 Nc3 56. Rc1 Ke4 57. Bd2 Rb1 58. f4 gxf3 59. Kf2 Rxc1 60.
Bxc1 Nd1+ 61. Ke1 Ne3 62. Kf2 Ng4+ 0-1

[Event "46. Toreno La Roda 2019"]
[Site "La Roda ESP"]
[Date "2019.04.19"]
[Round "4.20"]
[White "Motos Abellan, Daniel"]
[Black "Orantes Taboada, Francisco"]
[Result "0-1"]
[WhiteElo "2100"]
[BlackElo "2311"]
[PlyCount "86"]
[EventDate "2019.04.17"]
[EventType "swiss"]
[EventRounds "9"]
[EventCountry "ESP"]
[SourceTitle "Ajedrez en Madrid"]
[Source "lmi"]
[SourceDate "2019.04.17"]
[SourceVersion "1"]
[SourceVersionDate "2019.04.22"]
[SourceQuality "1"]

1. e4 c5 2. c4 Nc6 3. Nc3 g6 4. g3 Bg7 5. Bg2 e6 6. Nge2 Nge7 7. d3 Nd4 8. O-O
O-O 9. Be3 d6 10. Qd2 Qb6 11. Rab1 Re8 12. b4 Qd8 13. Bh6 Bh8 14. Nxd4 cxd4 15.
Ne2 Rb8 16. a4 b6 17. f4 Qd7 18. b5 Bb7 19. g4 d5 20. cxd5 exd5 21. f5 dxe4 22.
dxe4 d3 23. Ng3 Rbd8 24. f6 Nc8 25. g5 Qd4+ 26. Kh1 Nd6 27. Qb4 Nc4 28. Rfd1 d2
29. Rb3 Bxe4 30. Nxe4 Rxe4 31. Bxe4 Qxe4+ 32. Kg1 Qg4+ 33. Kf2 Qxd1 34. Qe7
Qe1+ 35. Qxe1 dxe1=Q+ 36. Kxe1 Re8+ 37. Kd1 Ne3+ 38. Kd2 Nf5 39. Rh3 Nxh6 40.
Rxh6 Re5 41. h4 Re4 42. Kc3 Rxa4 43. Kb3 Rf4 0-1

[Event "46. Toreno La Roda 2019"]
[Site "La Roda ESP"]
[Date "2019.04.19"]
[Round "4.21"]
[White "Perdomo Araujo, Angel Eduardo"]
[Black "Moreno Ibañez, Miguel"]
[Result "0-1"]
[WhiteElo "2092"]
[BlackElo "2275"]
[PlyCount "150"]
[EventDate "2019.04.17"]
[EventType "swiss"]
[EventRounds "9"]
[EventCountry "ESP"]
[SourceTitle "Ajedrez en Madrid"]
[Source "lmi"]
[SourceDate "2019.04.17"]
[SourceVersion "1"]
[SourceVersionDate "2019.04.22"]
[SourceQuality "1"]

1. e4 c5 2. c3 d6 3. Bc4 Nf6 4. Qe2 Nc6 5. Nf3 Bg4 6. h3 Bxf3 7. Qxf3 e6 8. O-O
Be7 9. d3 Qc7 10. Bb5 O-O-O 11. b4 Rhg8 12. bxc5 dxc5 13. Bf4 Bd6 14. Bxd6 Qxd6
15. Bxc6 Qxc6 16. Na3 Ne8 17. Nc4 f6 18. Rab1 Nd6 19. Nxd6+ Rxd6 20. Rfc1 Rgd8
21. d4 Qc7 22. Qe3 Kb8 23. Rb5 cxd4 24. cxd4 Rc6 25. Rbc5 Rxc5 26. Rxc5 Qd6 27.
Qc3 a6 28. d5 Ka7 29. a4 Kb8 30. a5 exd5 31. Rxd5 Qc7 32. Qd2 Rc8 33. Qe2 Qc1+
34. Kh2 Qc7+ 35. g3 Qc4 36. Qf3 Re8 37. Qf4+ Qc7 38. Qe3 Qc6 39. Qd4 Rc8 40.
Rd7 Rc7 41. Rd8+ Rc8 42. Rd7 Qc4 43. Qd2 Rc7 44. Rd5 Qc3 45. Qf4 Ka7 46. Kg2
Re7 47. Qd6 Qc7 48. Qb4 Re8 49. Qd4+ Kb8 50. Qb4 Qe7 51. Qxe7 Rxe7 52. Kf3 Kc7
53. Ke3 Kc6 54. f4 b6 55. axb6 Kxb6 56. Kd4 a5 57. e5 fxe5+ 58. fxe5 a4 59.
Rd6+ Kb5 60. Kd5 a3 61. Rd8 Ra7 62. Rb8+ Ka6 63. Rb1 a2 64. Ra1 Kb7 65. g4 Kc7
66. Ke6 Kd8 67. g5 Ke8 68. h4 Ra6+ 69. Kd5 Ke7 70. Kc5 Ke6 71. Kb5 Ra8 72. h5
Kxe5 73. g6 h6 74. Kc6 Kf5 75. Kd6 Kg5 0-1

[Event "46. Toreno La Roda 2019"]
[Site "La Roda ESP"]
[Date "2019.04.19"]
[Round "4.22"]
[White "Pindado Campos, Raul"]
[Black "Campora, Daniel H."]
[Result "0-1"]
[WhiteElo "2076"]
[BlackElo "2405"]
[PlyCount "92"]
[EventDate "2019.04.17"]
[EventType "swiss"]
[EventRounds "9"]
[EventCountry "ESP"]
[SourceTitle "Ajedrez en Madrid"]
[Source "lmi"]
[SourceDate "2019.04.17"]
[SourceVersion "1"]
[SourceVersionDate "2019.04.22"]
[SourceQuality "1"]

1. e4 e5 2. Nf3 Nc6 3. Bc4 Bc5 4. c3 Nf6 5. d3 d6 6. Bb3 O-O 7. O-O Bb6 8. Nbd2
Be6 9. Nc4 Na5 10. Nxa5 Bxa5 11. Bc2 Re8 12. Bg5 h6 13. Bd2 Bb6 14. Kh1 c6 15.
Qe2 Qe7 16. h3 Rad8 17. Nh2 d5 18. Be3 Bc7 19. Rfd1 a6 20. Nf1 c5 21. Ng3 b5
22. Rf1 dxe4 23. dxe4 Bc4 24. Qf3 Bxf1 25. Rxf1 Nd7 26. Nf5 Qf6 27. Rg1 Kh7 28.
g4 g5 29. h4 Rh8 30. Kg2 c4 31. Rh1 Kg8 32. Qe2 Bb6 33. Bc1 Nc5 34. Rh3 Ne6 35.
b3 Bc5 36. bxc4 b4 37. hxg5 hxg5 38. Rd3 bxc3 39. Rd5 Bd4 40. Bb3 Ng7 41. Ng3
Rc8 42. Qc2 Bxf2 43. Nf5 Nxf5 44. exf5 Bd4 45. Kg3 Qh6 46. Qg2 e4 0-1

[Event "46. Toreno La Roda 2019"]
[Site "La Roda ESP"]
[Date "2019.04.19"]
[Round "5.1"]
[White "Sivuk, Vitaly"]
[Black "Perez Candelario, Manuel"]
[Result "0-1"]
[WhiteElo "2523"]
[BlackElo "2615"]
[PlyCount "130"]
[EventDate "2019.04.17"]
[EventType "swiss"]
[EventRounds "9"]
[EventCountry "ESP"]
[SourceTitle "Ajedrez en Madrid"]
[Source "lmi"]
[SourceDate "2019.04.17"]
[SourceVersion "1"]
[SourceVersionDate "2019.04.22"]
[SourceQuality "1"]

1. d4 Nf6 2. c4 g6 3. Nc3 Bg7 4. e4 d6 5. Nf3 O-O 6. Be2 Nbd7 7. O-O e5 8. Be3
Re8 9. Qc2 exd4 10. Nxd4 c6 11. Rad1 Qe7 12. f3 Nc5 13. Rfe1 Nfd7 14. Bf1 a5
15. b3 Ne5 16. a3 h5 17. b4 axb4 18. axb4 Ne6 19. Na4 Qh4 20. Nxe6 Bxe6 21. Nb6
Ra3 22. Qd2 Qe7 23. Kh1 h4 24. f4 Ng4 25. Bd4 Bxd4 26. Qxd4 Ra2 27. Rd2 Rxd2
28. Qxd2 Bf5 29. e5 dxe5 30. h3 Nf6 31. Rxe5 Qf8 32. Qe1 Rxe5 33. fxe5 Ne4 34.
Qxh4 Qxb4 35. Nd7 Qb1 36. Qd8+ Kh7 37. Kg1 Bxd7 38. Qxd7 Qb6+ 39. Kh2 Qf2 40.
Bd3 Qf4+ 41. Kh1 Nf2+ 42. Kg1 Nxd3 43. Qxd3 Qxe5 44. Qd7 Qe3+ 45. Kh2 Qf4+ 46.
Kg1 Qxc4 47. Qxb7 c5 48. Qe7 Qd4+ 49. Kh2 Kg7 50. h4 c4 51. Kh3 c3 52. Qc7 Qd3+
53. Kh2 c2 54. Qe5+ Kf8 55. Qb8+ Ke7 56. Qc7+ Ke6 57. Qc8+ Kf6 58. Qh8+ Kf5 59.
Qc8+ Kf4 60. Qb8+ Kg4 61. Qb4+ Kh5 62. Qf4 Qf5 63. Qc4 Qe5+ 64. g3 Qb2 65. Kh3
c1=Q 0-1

[Event "46. Toreno La Roda 2019"]
[Site "La Roda ESP"]
[Date "2019.04.19"]
[Round "5.2"]
[White "Solodovnichenko, Yuri"]
[Black "Burmakin, Vladimir"]
[Result "1-0"]
[WhiteElo "2554"]
[BlackElo "2495"]
[PlyCount "91"]
[EventDate "2019.04.17"]
[EventType "swiss"]
[EventRounds "9"]
[EventCountry "ESP"]
[SourceTitle "Ajedrez en Madrid"]
[Source "lmi"]
[SourceDate "2019.04.17"]
[SourceVersion "1"]
[SourceVersionDate "2019.04.22"]
[SourceQuality "1"]

1. e4 c6 2. Nf3 d5 3. Nc3 dxe4 4. Nxe4 Nf6 5. Qe2 Nxe4 6. Qxe4 Qd5 7. Qh4 Qe6+
8. Be2 Qg4 9. Qg3 Qxg3 10. hxg3 g6 11. Ng5 h6 12. Bc4 e6 13. d4 Bg7 14. Ne4 Nd7
15. c3 Nf6 16. Nxf6+ Bxf6 17. Rxh6 Rxh6 18. Bxh6 Ke7 19. Bf4 Bd7 20. g4 g5 21.
Bg3 Rh8 22. Kd2 Kd8 23. b4 Kc8 24. Re1 Bd8 25. Be5 Rg8 26. Rh1 a5 27. a3 axb4
28. axb4 f6 29. Bd6 Bc7 30. Be7 Bd8 31. Rh7 Kc7 32. Bc5 Kc8 33. Bd6 Re8 34. f3
Rg8 35. Ke2 Re8 36. Kf2 Rg8 37. Ba2 Re8 38. Bb3 b5 39. g3 Bb6 40. Be7 Bd8 41.
Bxd8 Kxd8 42. Rf7 f5 43. gxf5 exf5 44. Rg7 g4 45. fxg4 fxg4 46. Rg8 1-0

[Event "46. Toreno La Roda 2019"]
[Site "La Roda ESP"]
[Date "2019.04.19"]
[Round "5.4"]
[White "Merario Alarcon, Andres"]
[Black "Predke, Alexandr"]
[Result "0-1"]
[WhiteElo "2399"]
[BlackElo "2619"]
[PlyCount "77"]
[EventDate "2019.04.17"]
[EventType "swiss"]
[EventRounds "9"]
[EventCountry "ESP"]
[SourceTitle "Ajedrez en Madrid"]
[Source "lmi"]
[SourceDate "2019.04.17"]
[SourceVersion "1"]
[SourceVersionDate "2019.04.22"]
[SourceQuality "1"]

1. d4 Nf6 2. c4 g6 3. Nc3 Bg7 4. e4 d6 5. h3 O-O 6. Be3 Na6 7. g4 e5 8. d5 Nc5
9. f3 a5 10. Nge2 Ne8 11. h4 f5 12. gxf5 gxf5 13. exf5 Bf6 14. Bf2 Ng7 15. Ne4
Nxf5 16. Nxf6+ Qxf6 17. Qd2 a4 18. O-O-O a3 19. b3 Bd7 20. Nc3 Nd4 21. Bxd4
exd4 22. Ne4 Qf4 23. Bg2 Qxd2+ 24. Rxd2 Bf5 25. Nf2 Rfe8 26. Ne4 Bxe4 27. fxe4
Rf8 28. Bh3 Rf3 29. Bf5 Rg3 30. Kc2 Na6 31. Kb1 Nb4 32. Rhd1 Kh8 33. Rxd4 Rag8
34. R4d2 Rg2 35. Kc1 R8g3 36. Rxg2 Rxg2 37. Rd2 Nxa2+ 38. Kc2 Nb4+ 39. Kc3 0-1

[Event "46. Toreno La Roda 2019"]
[Site "La Roda ESP"]
[Date "2019.04.19"]
[Round "5.5"]
[White "Grachev, Boris"]
[Black "Martinez Fernandez, Adrian"]
[Result "1-0"]
[WhiteElo "2618"]
[BlackElo "2318"]
[PlyCount "97"]
[EventDate "2019.04.17"]
[EventType "swiss"]
[EventRounds "9"]
[EventCountry "ESP"]
[SourceTitle "Ajedrez en Madrid"]
[Source "lmi"]
[SourceDate "2019.04.17"]
[SourceVersion "1"]
[SourceVersionDate "2019.04.22"]
[SourceQuality "1"]

1. Nf3 c5 2. c4 Nc6 3. Nc3 g6 4. e3 Nf6 5. d4 cxd4 6. exd4 d5 7. cxd5 Nxd5 8.
Qb3 Nxc3 9. Bc4 Nd5 10. Bxd5 e6 11. Bxc6+ bxc6 12. O-O Bg7 13. Bf4 O-O 14. Qe3
Ba6 15. Rfc1 Qb6 16. b3 Rfd8 17. Be5 Bxe5 18. Qxe5 Rd5 19. Qe3 Bb7 20. Rc4 a5
21. Rac1 Rad8 22. h3 R8d6 23. Qf4 Qd8 24. Rc5 Kg7 25. Qe3 f6 26. Rxd5 cxd5 27.
Rc5 a4 28. bxa4 Ba6 29. a5 Bc4 30. Qa3 Ra6 31. Qb4 Ra7 32. Nd2 Bxa2 33. Qb6
Qxb6 34. axb6 Ra8 35. Rc7+ Kh6 36. Ra7 Rb8 37. Rxa2 Rxb6 38. h4 Kh5 39. Nf3 h6
40. g3 g5 41. Kg2 Rb8 42. Ra7 Re8 43. Rd7 Kg4 44. Rf7 Kf5 45. g4+ Kxg4 46. Rxf6
Kh5 47. hxg5 hxg5 48. Ne5 g4 49. Nf7 1-0

[Event "46. Toreno La Roda 2019"]
[Site "La Roda ESP"]
[Date "2019.04.19"]
[Round "5.7"]
[White "Orantes Taboada, Francisco"]
[Black "Forcen Esteban, Daniel"]
[Result "0-1"]
[WhiteElo "2311"]
[BlackElo "2567"]
[PlyCount "58"]
[EventDate "2019.04.17"]
[EventType "swiss"]
[EventRounds "9"]
[EventCountry "ESP"]
[SourceTitle "Ajedrez en Madrid"]
[Source "lmi"]
[SourceDate "2019.04.17"]
[SourceVersion "1"]
[SourceVersionDate "2019.04.22"]
[SourceQuality "1"]

1. Nf3 g6 2. g3 Bg7 3. d4 f5 4. Bg2 Nf6 5. O-O O-O 6. c4 d6 7. Nc3 c6 8. Qb3
Kh8 9. c5 dxc5 10. dxc5 Na6 11. Qc4 Qe8 12. Rd1 e5 13. Rd6 Qe7 14. Bg5 e4 15.
Nh4 Nc7 16. Rad1 Be6 17. Qb4 Na6 18. Qd4 Qf7 19. Qd2 Nxc5 20. Bh6 Nd5 21. Nxd5
Bxd5 22. Bxg7+ Qxg7 23. Nxg6+ hxg6 24. Qg5 Ne6 25. Rxe6 Bxe6 26. Rd6 Qf6 27.
Qh6+ Kg8 28. g4 Rad8 29. g5 Qf7 0-1

[Event "46. Toreno La Roda 2019"]
[Site "La Roda ESP"]
[Date "2019.04.19"]
[Round "5.8"]
[White "Espinosa Aranda, Angel"]
[Black "Aguilera Lopez, Alejandro"]
[Result "1-0"]
[WhiteElo "2482"]
[BlackElo "2194"]
[PlyCount "67"]
[EventDate "2019.04.17"]
[EventType "swiss"]
[EventRounds "9"]
[EventCountry "ESP"]
[SourceTitle "Ajedrez en Madrid"]
[Source "lmi"]
[SourceDate "2019.04.17"]
[SourceVersion "1"]
[SourceVersionDate "2019.04.22"]
[SourceQuality "1"]

1. e4 c5 2. Nf3 e6 3. d4 cxd4 4. Nxd4 Nf6 5. Nc3 Nc6 6. g3 Be7 7. Bg2 O-O 8.
O-O d6 9. Be3 e5 10. Nf5 Be6 11. Qd2 Qd7 12. Nxe7+ Nxe7 13. Bg5 Ne8 14. Rad1 f6
15. Be3 b5 16. a4 Bc4 17. Nxb5 Bxb5 18. axb5 Qxb5 19. Ra1 a5 20. Rfd1 a4 21.
Bf1 Qb7 22. Qd3 Ra5 23. b4 Ra8 24. Qb5 Qc8 25. Qc4+ Kh8 26. Qxc8 Nxc8 27. b5
Rf7 28. Bc4 Rc7 29. Bd5 Rb8 30. c4 Ne7 31. Rxa4 Nxd5 32. Rxd5 Kg8 33. b6 Rc6
34. Rda5 1-0

[Event "46. Toreno La Roda 2019"]
[Site "La Roda ESP"]
[Date "2019.04.19"]
[Round "5.9"]
[White "Moreno Ibañez, Miguel"]
[Black "Mogranzini, Roberto"]
[Result "0-1"]
[WhiteElo "2275"]
[BlackElo "2449"]
[PlyCount "40"]
[EventDate "2019.04.17"]
[EventType "swiss"]
[EventRounds "9"]
[EventCountry "ESP"]
[SourceTitle "Ajedrez en Madrid"]
[Source "lmi"]
[SourceDate "2019.04.17"]
[SourceVersion "1"]
[SourceVersionDate "2019.04.22"]
[SourceQuality "1"]

1. e4 d6 2. d4 Nf6 3. Nc3 e5 4. Nge2 Be7 5. h3 c6 6. g4 g6 7. Bh6 Nbd7 8. Bg2
b5 9. a3 Nb6 10. O-O Bxg4 11. hxg4 Nxg4 12. Qc1 Bf6 13. dxe5 dxe5 14. Bf3 Nxh6
15. Qxh6 Bg5 16. Qh3 Nc4 17. Rad1 Nd2 18. Nb1 Nxf3+ 19. Qxf3 Qe7 20. Qh3 O-O
0-1

[Event "46. Toreno La Roda 2019"]
[Site "La Roda ESP"]
[Date "2019.04.19"]
[Round "5.10"]
[White "Rodriguez Del Cerro, Ricardo"]
[Black "Grigoryan, Karen H."]
[Result "0-1"]
[WhiteElo "2229"]
[BlackElo "2545"]
[PlyCount "72"]
[EventDate "2019.04.17"]
[EventType "swiss"]
[EventRounds "9"]
[EventCountry "ESP"]
[SourceTitle "Ajedrez en Madrid"]
[Source "lmi"]
[SourceDate "2019.04.17"]
[SourceVersion "1"]
[SourceVersionDate "2019.04.22"]
[SourceQuality "1"]

1. c4 Nf6 2. d4 g6 3. g3 c5 4. Nf3 Bg7 5. Bg2 Qa5+ 6. Qd2 Qxd2+ 7. Nbxd2 cxd4
8. Nxd4 Nc6 9. Nc2 d6 10. b3 Nd7 11. Rb1 Nc5 12. Bb2 O-O 13. Bxg7 Kxg7 14. Rc1
a5 15. Ne4 Nb4 16. Nc3 Bd7 17. O-O Rfc8 18. Nd4 a4 19. a3 Nc6 20. Bxc6 Bxc6 21.
b4 Nb3 22. Rcd1 Ra7 23. Rd3 Bd7 24. c5 Nxd4 25. Rxd4 Be8 26. Rc1 dxc5 27. Rc4
b6 28. Nd5 Bb5 29. Re4 Rd8 30. Nxb6 cxb4 31. Rxb4 Bxe2 32. Nxa4 Bf3 33. Rf4 Rd3
34. Nc5 Rdxa3 35. h4 Rc3 36. Rc4 Rxc4 0-1

[Event "46. Toreno La Roda 2019"]
[Site "La Roda ESP"]
[Date "2019.04.19"]
[Round "5.11"]
[White "Palacios Herrero, Pablo"]
[Black "Maiorov, Nikita"]
[Result "1-0"]
[WhiteElo "2203"]
[BlackElo "2540"]
[PlyCount "125"]
[EventDate "2019.04.17"]
[EventType "swiss"]
[EventRounds "9"]
[EventCountry "ESP"]
[SourceTitle "Ajedrez en Madrid"]
[Source "lmi"]
[SourceDate "2019.04.17"]
[SourceVersion "1"]
[SourceVersionDate "2019.04.22"]
[SourceQuality "1"]

1. e4 e5 2. Nf3 Nc6 3. Bb5 a6 4. Ba4 Nf6 5. Qe2 Bc5 6. Bxc6 bxc6 7. d3 d6 8.
Nbd2 O-O 9. Nf1 d5 10. Ng3 Re8 11. O-O Nd7 12. Re1 Bf8 13. Bg5 f6 14. Bd2 a5
15. Rad1 Nc5 16. Bc1 Ba6 17. h3 Ne6 18. c3 c5 19. Qc2 Kh8 20. d4 cxd4 21. cxd4
exd4 22. Nxd4 Nc5 23. Nf3 c6 24. exd5 Rxe1+ 25. Nxe1 cxd5 26. Qd2 Ra7 27. Nf5
d4 28. Nxd4 Rd7 29. Qc3 Bb7 30. Be3 Qa8 31. Rc1 Bd5 32. b3 Rd8 33. Ndf3 Ne4 34.
Qb2 Rb8 35. Qe2 Bb4 36. Qd3 Re8 37. Nc2 Nc3 38. a3 Bxf3 39. gxf3 Qxf3 40. Nd4
Qxh3 41. axb4 axb4 42. Ne2 Qg4+ 43. Kf1 Qh3+ 44. Ke1 Ne4 45. Nf4 Qg4 46. Rc4
Qf3 47. Rxb4 g5 48. Rxe4 Rxe4 49. Qd8+ Kg7 50. Ne6+ Kh6 51. Nd4 Qh1+ 52. Kd2
Kg7 53. Ne6+ Kg6 54. Qg8+ Kf5 55. Ng7+ Kg6 56. Ne8+ Kf5 57. Qd5+ Kg6 58. Qg8+
Kf5 59. Nd6+ Kg4 60. Nxe4 Qxe4 61. Qc4 Kf3 62. Qe2+ Kg2 63. f3+ 1-0

[Event "46. Toreno La Roda 2019"]
[Site "La Roda ESP"]
[Date "2019.04.19"]
[Round "5.12"]
[White "Tejedor Fuente, Enrique"]
[Black "Torres Sanchez, Jose"]
[Result "0-1"]
[WhiteElo "2429"]
[BlackElo "2200"]
[PlyCount "130"]
[EventDate "2019.04.17"]
[EventType "swiss"]
[EventRounds "9"]
[EventCountry "ESP"]
[SourceTitle "Ajedrez en Madrid"]
[Source "lmi"]
[SourceDate "2019.04.17"]
[SourceVersion "1"]
[SourceVersionDate "2019.04.22"]
[SourceQuality "1"]

1. e4 c5 2. Nf3 e6 3. d4 cxd4 4. Nxd4 Nc6 5. Nc3 Qc7 6. Be3 a6 7. f4 b5 8. a3
Bb7 9. Nb3 d6 10. Be2 Nf6 11. O-O Be7 12. Bf3 O-O 13. g4 g5 14. fxg5 Nd7 15.
Qe1 Nde5 16. Rd1 Nc4 17. Bc1 N6e5 18. Bg2 Qd8 19. Qh4 Kh8 20. Rd3 Nxd3 21. cxd3
Ne5 22. d4 Ng6 23. Qh6 f6 24. e5 Bxg2 25. gxf6 Bxf6 26. exf6 Rxf6 27. Kxg2 Rxf1
28. Kxf1 Qf6+ 29. Ke2 Rf8 30. Be3 Qf3+ 31. Kd2 Qxg4 32. Kc2 Rf3 33. Nd2 Rh3 34.
Qg5 Qxg5 35. Bxg5 Rxh2 36. Nce4 h5 37. Nxd6 h4 38. Bxh4 Nxh4 39. Kc3 Nf5 40.
N6e4 Rh3+ 41. Kb4 Nxd4 42. Nc3 Rh2 43. Nce4 Re2 44. Ka5 Nf3 45. Nxf3 Rxe4 46.
Kxa6 Re3 47. Nd4 e5 48. Nxb5 Rb3 49. Nd6 Kg7 50. a4 Kf6 51. a5 Rxb2 52. Ka7 Ke6
53. Nc4 Rb4 54. Ne3 Rb3 55. Nf1 Rb1 56. Ng3 Kd5 57. a6 Kc6 58. Nf5 Kc7 59. Ne3
Rb5 60. Nd1 e4 61. Nc3 Re5 62. Ka8 e3 63. Nb5+ Rxb5 64. a7 Kb6 65. Kb8 Ka6+ 0-1

[Event "46. Toreno La Roda 2019"]
[Site "La Roda ESP"]
[Date "2019.04.19"]
[Round "5.13"]
[White "Romero Pallares, Daniel"]
[Black "Ladron De Guevara Pinto, Paolo"]
[Result "0-1"]
[WhiteElo "2198"]
[BlackElo "2429"]
[PlyCount "72"]
[EventDate "2019.04.17"]
[EventType "swiss"]
[EventRounds "9"]
[EventCountry "ESP"]
[SourceTitle "Ajedrez en Madrid"]
[Source "lmi"]
[SourceDate "2019.04.17"]
[SourceVersion "1"]
[SourceVersionDate "2019.04.22"]
[SourceQuality "1"]

1. Nf3 d5 2. b3 c5 3. e3 Nf6 4. Bb2 e6 5. c4 Be7 6. Nc3 dxc4 7. bxc4 O-O 8. Qc2
Nc6 9. Ng5 g6 10. h4 e5 11. Rd1 Bf5 12. d3 Qa5 13. f3 Rad8 14. g4 Bc8 15. Qh2
h6 16. Be2 Rfe8 17. Kf2 Bf8 18. Nge4 Nh7 19. Nd5 Re6 20. g5 h5 21. f4 Bg7 22.
Bc3 Qa3 23. Nc7 exf4 24. Nxe6 fxe3+ 25. Kxe3 Bxe6 26. Bxg7 Kxg7 27. Rc1 Qb2 28.
Nc3 Bf5 29. Qf2 Re8+ 30. Kf4 Nd4 31. Rhe1 Qd2+ 32. Kg3 Nxg5 33. hxg5 Qxg5+ 34.
Kh2 Re3 35. Bf1 Rf3 36. Qg1 Qh4+ 0-1

[Event "46. Toreno La Roda 2019"]
[Site "La Roda ESP"]
[Date "2019.04.19"]
[Round "5.14"]
[White "Pilgaard, Kim"]
[Black "Diaz Mino, Pablo"]
[Result "1-0"]
[WhiteElo "2418"]
[BlackElo "2171"]
[PlyCount "59"]
[EventDate "2019.04.17"]
[EventType "swiss"]
[EventRounds "9"]
[EventCountry "ESP"]
[SourceTitle "Ajedrez en Madrid"]
[Source "lmi"]
[SourceDate "2019.04.17"]
[SourceVersion "1"]
[SourceVersionDate "2019.04.22"]
[SourceQuality "1"]

1. e4 c5 2. Nf3 d6 3. d4 cxd4 4. Nxd4 Nf6 5. Nc3 a6 6. Bg5 e6 7. f4 Be7 8. Qf3
Qc7 9. O-O-O Nbd7 10. g4 b5 11. Bxf6 Nxf6 12. g5 Nd7 13. Kb1 O-O 14. Bd3 Qb6
15. Nf5 exf5 16. Nd5 Qd8 17. exf5 Nb6 18. f6 Nxd5 19. Bxh7+ Kxh7 20. Qh5+ Kg8
21. fxg7 Kxg7 22. Qh6+ Kg8 23. Rxd5 Re8 24. g6 fxg6 25. Qxg6+ Kf8 26. Qh6+ Kf7
27. Qh7+ Kf8 28. Rg1 Bg4 29. Rxg4 Bg5 30. Rf5+ 1-0

[Event "46. Toreno La Roda 2019"]
[Site "La Roda ESP"]
[Date "2019.04.19"]
[Round "5.15"]
[White "Campora, Daniel H."]
[Black "Garcia Romero, Benjamin Abel"]
[Result "1-0"]
[WhiteElo "2405"]
[BlackElo "2161"]
[PlyCount "66"]
[EventDate "2019.04.17"]
[EventType "swiss"]
[EventRounds "9"]
[EventCountry "ESP"]
[SourceTitle "Ajedrez en Madrid"]
[Source "lmi"]
[SourceDate "2019.04.17"]
[SourceVersion "1"]
[SourceVersionDate "2019.04.22"]
[SourceQuality "1"]

1. e4 e5 2. Nf3 Nc6 3. Bb5 a6 4. Ba4 d6 5. Bxc6+ bxc6 6. d4 exd4 7. Qxd4 Qf6 8.
Qa4 Bd7 9. Nc3 Qg6 10. O-O Be7 11. Bf4 Nh6 12. Rfe1 O-O 13. Nd4 Bg5 14. Bxg5
Qxg5 15. Nxc6 Ng4 16. Nd5 Bxc6 17. Qxc6 Qh4 18. h3 Qxf2+ 19. Kh1 Ne5 20. Qc3
Rab8 21. Rf1 Qc5 22. Nxc7 Qxc3 23. bxc3 Rbc8 24. Nxa6 Rxc3 25. a4 Ra8 26. Nb4
Rc4 27. Rfb1 Ra5 28. Nd5 g6 29. Rb4 Rxc2 30. Rb5 Rc5 31. Rxc5 dxc5 32. Nc3 Nc6
33. Rb1 Nd4 1-0

[Event "46. Toreno La Roda 2019"]
[Site "La Roda ESP"]
[Date "2019.04.19"]
[Round "5.16"]
[White "Prado Lobo, Jonas"]
[Black "Gines Esteo, Pedro Antonio"]
[Result "0-1"]
[WhiteElo "2188"]
[BlackElo "2399"]
[PlyCount "158"]
[EventDate "2019.04.17"]
[EventType "swiss"]
[EventRounds "9"]
[EventCountry "ESP"]
[SourceTitle "Ajedrez en Madrid"]
[Source "lmi"]
[SourceDate "2019.04.17"]
[SourceVersion "1"]
[SourceVersionDate "2019.04.22"]
[SourceQuality "1"]

1. e4 c6 2. d4 d5 3. exd5 cxd5 4. Bd3 Nc6 5. c3 Nf6 6. Bf4 Bg4 7. Qb3 Qd7 8. h3
Bh5 9. Nd2 e6 10. Ngf3 Bd6 11. Be5 Bg6 12. Bxg6 hxg6 13. O-O O-O 14. Rfe1 Qc7
15. Bxd6 Qxd6 16. Ne5 Nd7 17. Ndf3 Ncxe5 18. Nxe5 Nxe5 19. Rxe5 Rab8 20. Rae1
b5 21. h4 b4 22. h5 gxh5 23. Rxh5 Qf4 24. c4 g6 25. Rhe5 dxc4 26. Qxc4 Rfd8 27.
R5e4 Qh6 28. g3 Qh5 29. Kg2 Qd5 30. Qxd5 Rxd5 31. a3 bxa3 32. bxa3 Rb3 33. R4e3
Rb2 34. Rd3 Rf5 35. Rf1 Ra2 36. g4 Ra5 37. Rfd1 R5xa3 38. Rxa3 Rxa3 39. d5 exd5
40. Rxd5 Kf8 41. Rd7 Kg7 42. g5 Ra5 43. Kf1 Kf8 44. Rc7 Ra1+ 45. Kg2 Ra5 46.
Kf1 Ra4 47. Rb7 Ke8 48. Rc7 a5 49. Ra7 Ra1+ 50. Kg2 Ra4 51. Kf1 Kf8 52. Ra8+
Ke7 53. Ra6 Kd7 54. Rf6 Ke8 55. Ra6 Ke7 56. f3 Rf4 57. Ra7+ Kf8 58. Ke2 Rf5 59.
f4 Rxf4 60. Rxa5 Rf5 61. Ra7 Rxg5 62. Kf3 Kg7 63. Kf4 Rb5 64. Kg4 Rd5 65. Rb7
Kf6 66. Kf4 Rd4+ 67. Ke3 Ra4 68. Kf3 g5 69. Rb6+ Kf5 70. Rb5+ Kg6 71. Kg3 Ra3+
72. Kg2 f5 73. Rb2 Kh5 74. Kh2 f4 75. Kg2 Kh4 76. Rb8 Kg4 77. Rb2 Rg3+ 78. Kh2
Re3 79. Kg2 Re2+ 0-1

[Event "46. Toreno La Roda 2019"]
[Site "La Roda ESP"]
[Date "2019.04.19"]
[Round "5.19"]
[White "Suarez Uriel, Adrian"]
[Black "Carbonell Sancho, Marc"]
[Result "1-0"]
[WhiteElo "2397"]
[BlackElo "2149"]
[PlyCount "73"]
[EventDate "2019.04.17"]
[EventType "swiss"]
[EventRounds "9"]
[EventCountry "ESP"]
[SourceTitle "Ajedrez en Madrid"]
[Source "lmi"]
[SourceDate "2019.04.17"]
[SourceVersion "1"]
[SourceVersionDate "2019.04.22"]
[SourceQuality "1"]

1. e4 c5 2. Nf3 Nc6 3. d4 cxd4 4. Nxd4 g6 5. c4 Bg7 6. Be3 Nf6 7. Nc3 O-O 8.
Be2 d6 9. O-O Bd7 10. h3 Rc8 11. Nf3 Be6 12. Rc1 Nd7 13. Ng5 Qa5 14. f4 Nb6 15.
Nxe6 fxe6 16. Qd2 e5 17. f5 Nd4 18. b3 gxf5 19. exf5 Nxf5 20. Rxf5 Rxf5 21. Bg4
Rff8 22. Bxc8 Nxc8 23. Qd3 e6 24. Rd1 Rd8 25. Bg5 Rd7 26. Ne4 Rf7 27. Bd2 Qc7
28. Ng5 Bf6 29. Nxf7 Qxf7 30. Rf1 Qg7 31. Qf3 Bd8 32. Bh6 Bb6+ 33. Kh1 Qxh6 34.
Qf7+ Kh8 35. Qe8+ Kg7 36. Rf7+ Kg6 37. Qg8+ 1-0